Eseje
Saved in:
| Main Author: | |
|---|---|
| Format: | Book |
| Language: | Slovak |
| Published: |
Bratislava
Archa
1991
|
| Edition: | 1. vyd. |
| Subjects: | |
| Tags: |
No Tags, Be the first to tag this record!
|
MARC
| LEADER | 00000nam a2200000 4500 | ||
|---|---|---|---|
| 001 | c003438 | ||
| 005 | 20221214101551.4 | ||
| 020 | |a 80-7115-007-X | ||
| 041 | 0 | |a slo | |
| 044 | |a SK | ||
| 245 | 1 | 0 | |a Eseje |c Miroslav Kusý |
| 250 | |a 1. vyd. | ||
| 264 | 1 | |a Bratislava |b Archa |c 1991 | |
| 300 | |a 240 s. | ||
| 610 | 2 | 0 | |a politológia |
| 610 | 2 | 0 | |a práva ľudské |
| 610 | 2 | 0 | |a demokracia |
| 610 | 2 | 0 | |a ČSFR |
| 610 | 2 | 0 | |a socializmus |
| 610 | 2 | 0 | |a marxizmus |
| 100 | 1 | |a Kusý, Miroslav | |